Construction and Building Research (Record no. 103691)
[ view plain ]
| 000 -LEADER | |
|---|---|
| fixed length control field | 15343cam a2203385 4500 |
| 001 - CONTROL NUMBER | |
| control field | L126953 |
| 008 - FIXED-LENGTH DATA ELEMENTS--GENERAL INFORMATION | |
| fixed length control field | 030723n2004 000 0 eng u |
| 020 ## - INTERNATIONAL STANDARD BOOK NUMBER | |
| International Standard Book Number | 1842191993 |
| 035 ## - SYSTEM CONTROL NUMBER | |
| System control number | (Sirsi) u126953 |
| 041 ## - LANGUAGE CODE | |
| Language code of text/sound track or separate title | eng |
| 050 ## - LIBRARY OF CONGRESS CALL NUMBER | |
| Classification number | 690.072 |
| 110 ## - MAIN ENTRY--CORPORATE NAME | |
| Corporate name or jurisdiction name as entry element | Construction and Building Research Conference |
| Number of part/section/meeting | (9th |
| Date of meeting or treaty signing | 2004) |
| 9 (RLIN) | 4725 |
| 245 ## - TITLE STATEMENT | |
| Title | Construction and Building Research |
| Remainder of title | proceedings of RICS COBRA 2004, 7-8 September 2004: responding to change |
| 260 ## - PUBLICATION, DISTRIBUTION, ETC. | |
| Place of publication, distribution, etc. | London |
| Name of publisher, distributor, etc. | RICS Foundation |
| Date of publication, distribution, etc. | 2004 |
| 300 ## - PHYSICAL DESCRIPTION | |
| Extent | xiv, 192p. |
| Dimensions | 30cm. + 1 CD-ROM |
| 490 ## - SERIES STATEMENT | |
| Series statement | COBRA |
| Volume/sequential designation | 2004 |
| 505 ## - FORMATTED CONTENTS NOTE | |
| Formatted contents note | Trust me... |
| 505 ## - FORMATTED CONTENTS NOTE | |
| Formatted contents note | The RICS award winning Devonshire building, University of Newcastle upon Tyne |
| 505 ## - FORMATTED CONTENTS NOTE | |
| Formatted contents note | Academia: delivering for industry |
| 505 ## - FORMATTED CONTENTS NOTE | |
| Formatted contents note | The inclusive city: delivering a more accessible urban environment through inclusive design |
| 505 ## - FORMATTED CONTENTS NOTE | |
| Formatted contents note | Sustainable construction, climate change and building regulations |
| 505 ## - FORMATTED CONTENTS NOTE | |
| Formatted contents note | Finding and delivering value at the World Trade Center site |
| 505 ## - FORMATTED CONTENTS NOTE | |
| Formatted contents note | Addressing the cultural barriers to partnering within the UK construction industry |
| 505 ## - FORMATTED CONTENTS NOTE | |
| Formatted contents note | Energy efficiency in existing buildings: the role of building regulations |
| 505 ## - FORMATTED CONTENTS NOTE | |
| Formatted contents note | Quanity surveying tools and techniques: a review of client and contractor requirements |
| 505 ## - FORMATTED CONTENTS NOTE | |
| Formatted contents note | The use of bills of quantities in construction projects: an Australian survey |
| 505 ## - FORMATTED CONTENTS NOTE | |
| Formatted contents note | An extended whole-life costing framework to achieve best value |
| 505 ## - FORMATTED CONTENTS NOTE | |
| Formatted contents note | Reducing building construction costs: the views of consultants and contractors |
| 505 ## - FORMATTED CONTENTS NOTE | |
| Formatted contents note | The new South African construction regulations: multi-stakeholder perceptions |
| 505 ## - FORMATTED CONTENTS NOTE | |
| Formatted contents note | A review of health implications of envionmental impacts of energy in buildings: energy benchmarks in NHS Scotland's smaller health buildings |
| 505 ## - FORMATTED CONTENTS NOTE | |
| Formatted contents note | Evaluation of quality, health and safety and environment management systems and their implementation im contracting organisations |
| 505 ## - FORMATTED CONTENTS NOTE | |
| Formatted contents note | Suitability for adoption of the UK's Society of Construction Law's protocol by the Australian construction industry as a means of minimising the effects of delay on Australian construction contracts |
| 505 ## - FORMATTED CONTENTS NOTE | |
| Formatted contents note | Construction nonperformance is a process problem |
| 505 ## - FORMATTED CONTENTS NOTE | |
| Formatted contents note | Project management: reducing the risk associated with delay and disruption |
| 505 ## - FORMATTED CONTENTS NOTE | |
| Formatted contents note | Towards a sustainable urban environment |
| 505 ## - FORMATTED CONTENTS NOTE | |
| Formatted contents note | 'Quality' in urban design: the evolving role of CABE |
| 505 ## - FORMATTED CONTENTS NOTE | |
| Formatted contents note | Gender inequality in facilities management |
| 505 ## - FORMATTED CONTENTS NOTE | |
| Formatted contents note | Knowledge management for improved performance in facilities management |
| 505 ## - FORMATTED CONTENTS NOTE | |
| Formatted contents note | Innovation in facilities management practice using a performance approach |
| 505 ## - FORMATTED CONTENTS NOTE | |
| Formatted contents note | Transfer of employees in NHS PFI projects |
| 505 ## - FORMATTED CONTENTS NOTE | |
| Formatted contents note | The role of the 'built environment' in the control of healthcare associated infections: a non-clinical perspective |
| 505 ## - FORMATTED CONTENTS NOTE | |
| Formatted contents note | Procurement of ethical building and construction products |
| 505 ## - FORMATTED CONTENTS NOTE | |
| Formatted contents note | The study of ethical behaviours of surveyors |
| 505 ## - FORMATTED CONTENTS NOTE | |
| Formatted contents note | Factors influencing ethical decision making for surveyors |
| 505 ## - FORMATTED CONTENTS NOTE | |
| Formatted contents note | Adapting the homes of older people: cost effectiveness and the quality of life |
| 505 ## - FORMATTED CONTENTS NOTE | |
| Formatted contents note | Achieving corporate responsibility for health and safety in construction projects by a best practice "gateway" model |
| 505 ## - FORMATTED CONTENTS NOTE | |
| Formatted contents note | Towards zero-heating: affordable models for environmentally friendly housing in Scotland |
| 505 ## - FORMATTED CONTENTS NOTE | |
| Formatted contents note | Airtightness of UK dwellings: some recent measurements |
| 505 ## - FORMATTED CONTENTS NOTE | |
| Formatted contents note | Energy efficiency in housing: an evaluation of the importance of increased wall thickness on housing developments |
| 505 ## - FORMATTED CONTENTS NOTE | |
| Formatted contents note | Assessing sustainable adaption of existing buildings to climate change |
| 505 ## - FORMATTED CONTENTS NOTE | |
| Formatted contents note | Occupants and daylight in office buildings under clear sunny skies |
| 505 ## - FORMATTED CONTENTS NOTE | |
| Formatted contents note | Risk allocation preferences in PPP/PFI construction projects in the UK |
| 505 ## - FORMATTED CONTENTS NOTE | |
| Formatted contents note | Re-engineered procurement method for co-ordination of building servies for better buildings |
| 505 ## - FORMATTED CONTENTS NOTE | |
| Formatted contents note | Procurement approaches to acheive better constructability |
| 505 ## - FORMATTED CONTENTS NOTE | |
| Formatted contents note | The make-or-buy decision in relation to mechanical building services maintenance: a test of an integrated framework of vertical integration |
| 505 ## - FORMATTED CONTENTS NOTE | |
| Formatted contents note | An investigation of performance assessment techniques in property management |
| 505 ## - FORMATTED CONTENTS NOTE | |
| Formatted contents note | Planning the detailed design stage of construction projects and the interface with procurement |
| 505 ## - FORMATTED CONTENTS NOTE | |
| Formatted contents note | Modelling for planning building design: a critique of available approaches |
| 505 ## - FORMATTED CONTENTS NOTE | |
| Formatted contents note | An investigation into what project partnering means to a medium sized civil engineering contractor |
| 505 ## - FORMATTED CONTENTS NOTE | |
| Formatted contents note | Suitability of different design and build configurations for procurement of buildings |
| 505 ## - FORMATTED CONTENTS NOTE | |
| Formatted contents note | Document transfer and communication between distinct construction professionals |
| 505 ## - FORMATTED CONTENTS NOTE | |
| Formatted contents note | Establishing a valid methodology for measuring the effectiveness of Total Quality Management (TQM) deployment initiatives |
| 505 ## - FORMATTED CONTENTS NOTE | |
| Formatted contents note | E-learning users' requirements capture exercise: the case of INTELCITIES Integrated Project |
| 505 ## - FORMATTED CONTENTS NOTE | |
| Formatted contents note | Eurolifeform: an integrated probabilistic whole life cycle cost and performance model for buildings and civil infrastructure |
| 505 ## - FORMATTED CONTENTS NOTE | |
| Formatted contents note | Accuracy in estimating project cost construction contingency: a statistical analysis |
| 505 ## - FORMATTED CONTENTS NOTE | |
| Formatted contents note | Predicting building construction duration |
| 505 ## - FORMATTED CONTENTS NOTE | |
| Formatted contents note | Relationship development in construction partner selection |
| 505 ## - FORMATTED CONTENTS NOTE | |
| Formatted contents note | Influencing and persuasion techniques used during initial one-to-one negotiations |
| 505 ## - FORMATTED CONTENTS NOTE | |
| Formatted contents note | Work-based, felxible delivery of personal and professional skills training to the construction industry |
| 505 ## - FORMATTED CONTENTS NOTE | |
| Formatted contents note | Is there a prisoners' dilemma to construction procurement? |
| 505 ## - FORMATTED CONTENTS NOTE | |
| Formatted contents note | Management and design team communication |
| 505 ## - FORMATTED CONTENTS NOTE | |
| Formatted contents note | Critical determinants of successful professional practice |
| 505 ## - FORMATTED CONTENTS NOTE | |
| Formatted contents note | Knowledge management and e-business initiatives in small and medium sized construction organisations |
| 505 ## - FORMATTED CONTENTS NOTE | |
| Formatted contents note | Careers in construction: children have their say! |
| 505 ## - FORMATTED CONTENTS NOTE | |
| Formatted contents note | Virtualsite: photo-realism in the classroom |
| 505 ## - FORMATTED CONTENTS NOTE | |
| Formatted contents note | Using training and education to create culture change in construction: an exploration of the use of 'Egan-inspired' initiatives in large contracting firms in the West Midlands |
| 505 ## - FORMATTED CONTENTS NOTE | |
| Formatted contents note | Curricula greening in construction management programmes |
| 505 ## - FORMATTED CONTENTS NOTE | |
| Formatted contents note | The utilisation of GIS in the construction labour market planning process |
| 505 ## - FORMATTED CONTENTS NOTE | |
| Formatted contents note | Plant and equipment simulators: an empirical examination |
| 505 ## - FORMATTED CONTENTS NOTE | |
| Formatted contents note | The design of peat module using WebCT in UMIST |
| 505 ## - FORMATTED CONTENTS NOTE | |
| Formatted contents note | Developing professional and academic skills at undergraduate level by integrating appropriate scientific methods and research findings on real building projects as a learning and assessment strategy to meet the needs of industry |
| 505 ## - FORMATTED CONTENTS NOTE | |
| Formatted contents note | Exploring the experience of UK homeowners in flood disasters |
| 505 ## - FORMATTED CONTENTS NOTE | |
| Formatted contents note | Lower Witham flood defences: strengthening 'tyred' defences |
| 505 ## - FORMATTED CONTENTS NOTE | |
| Formatted contents note | Towards an evaluation framework for sustainability in retail design |
| 505 ## - FORMATTED CONTENTS NOTE | |
| Formatted contents note | Sustainability in urban infrastructure: filing the gap between theory and practice |
| 505 ## - FORMATTED CONTENTS NOTE | |
| Formatted contents note | Stamford Brook: making sustainability work |
| 505 ## - FORMATTED CONTENTS NOTE | |
| Formatted contents note | Knowledge management: issues, challenges and benefits for a sustainable urban environment |
| 505 ## - FORMATTED CONTENTS NOTE | |
| Formatted contents note | The contibution of building research to the independence and quality of life of older people |
| 505 ## - FORMATTED CONTENTS NOTE | |
| Formatted contents note | Mapping the knowledge available to control and avoid healthcare associated infections: a facilities management perspective |
| 505 ## - FORMATTED CONTENTS NOTE | |
| Formatted contents note | Where is all the cash going?: the economic profiles of Scotland's PFI projects |
| 505 ## - FORMATTED CONTENTS NOTE | |
| Formatted contents note | Supporting defence procurement in prime contracts |
| 505 ## - FORMATTED CONTENTS NOTE | |
| Formatted contents note | Assessing the best value in social housing procurement |
| 505 ## - FORMATTED CONTENTS NOTE | |
| Formatted contents note | Supply chain integration in construction by prime contracting: some research issues |
| 505 ## - FORMATTED CONTENTS NOTE | |
| Formatted contents note | Tender cost and price optimisation model, and prequalification benchmark mechanism: a synergy of knowledge management and risk management systems |
| 505 ## - FORMATTED CONTENTS NOTE | |
| Formatted contents note | Risk management solutions for contaminated land in the UK |
| 505 ## - FORMATTED CONTENTS NOTE | |
| Formatted contents note | Comparison of risk minimzation ability of traditional low-bid procurement system and Performance Information Procurement System (PIPS) in construction industry in the USA |
| 505 ## - FORMATTED CONTENTS NOTE | |
| Formatted contents note | 'COMPASSure': a risk management system for 21st century construction |
| 505 ## - FORMATTED CONTENTS NOTE | |
| Formatted contents note | Blue-sky airport solutions |
| 505 ## - FORMATTED CONTENTS NOTE | |
| Formatted contents note | A controlled experiment for plant productivity measurement: uncovering the impact of plant operators |
| 505 ## - FORMATTED CONTENTS NOTE | |
| Formatted contents note | The safe use of cranes and other tall construction equipment in the vicinity of airports |
| 505 ## - FORMATTED CONTENTS NOTE | |
| Formatted contents note | Structural frame selection processes: case studies of hybrid concrete construction projects |
| 505 ## - FORMATTED CONTENTS NOTE | |
| Formatted contents note | Neural network based decision support for estimating cost of highway bridges: a Hong Kong study |
| 520 ## - SUMMARY, ETC. | |
| Summary, etc. | The conference papers deal with a wide range of issues fundamental to the design and management of buildings and infrastructure, as well as addressing the needs of the industry as a whole. COBRA 2004 has attempted to encourage the practitioner community to present their work through the medium of practice case study papers, alongside the wide range of academic studies. Contains keynote papers and case studies, academic papers and practice case studies in the following areas: energy; cost, health; business; property; facilities; ethics; environment; risk, procurement; design communication; futures; practice; skills; sustainability; quality; value; change; and innovation. Accompanying CD-ROM contains full text of the proceedings. |
| 650 ## - SUBJECT ADDED ENTRY--TOPICAL TERM | |
| Topical term or geographic name entry element | COBRA |
| 690 ## - LOCAL SUBJECT ADDED ENTRY--TOPICAL TERM (OCLC, RLIN) | |
| Topical term or geographic name as entry element | BUILT ENVIRONMENT |
| 700 ## - ADDED ENTRY--PERSONAL NAME | |
| Personal name | Ellis, Robert |
| 700 ## - ADDED ENTRY--PERSONAL NAME | |
| Personal name | Bell, Malcolm |
| 700 ## - ADDED ENTRY--PERSONAL NAME | |
| Personal name | Gilbertson, Barry |
| 700 ## - ADDED ENTRY--PERSONAL NAME | |
| Personal name | Munday, Graham |
| 700 ## - ADDED ENTRY--PERSONAL NAME | |
| Personal name | Newby, Paul |
| 700 ## - ADDED ENTRY--PERSONAL NAME | |
| Personal name | McCaffer, R. |
| 700 ## - ADDED ENTRY--PERSONAL NAME | |
| Personal name | Hanson, Julienne |
| 700 ## - ADDED ENTRY--PERSONAL NAME | |
| Personal name | Irving, S. J. |
| 700 ## - ADDED ENTRY--PERSONAL NAME | |
| Personal name | Jaske, Tom |
| 700 ## - ADDED ENTRY--PERSONAL NAME | |
| Personal name | Wood, Gerard D. |
| 700 ## - ADDED ENTRY--PERSONAL NAME | |
| Personal name | Potts, Keith |
| 700 ## - ADDED ENTRY--PERSONAL NAME | |
| Personal name | Davis, Peter R. |
| 700 ## - ADDED ENTRY--PERSONAL NAME | |
| Personal name | Baccarini, David |
| 700 ## - ADDED ENTRY--PERSONAL NAME | |
| Personal name | Kishk, Mohammed |
| 700 ## - ADDED ENTRY--PERSONAL NAME | |
| Personal name | Pollock, Robert |
| 700 ## - ADDED ENTRY--PERSONAL NAME | |
| Personal name | Mbachu, J. I. C. |
| 700 ## - ADDED ENTRY--PERSONAL NAME | |
| Personal name | Nkado, R. N. |
| 700 ## - ADDED ENTRY--PERSONAL NAME | |
| Personal name | Smallwood, J. J. |
| 700 ## - ADDED ENTRY--PERSONAL NAME | |
| Personal name | Haupt, T.C. |
| 700 ## - ADDED ENTRY--PERSONAL NAME | |
| Personal name | Murray, Joe |
| 700 ## - ADDED ENTRY--PERSONAL NAME | |
| Personal name | Pahl, O. |
| 700 ## - ADDED ENTRY--PERSONAL NAME | |
| Personal name | Burek, S. |
| 700 ## - ADDED ENTRY--PERSONAL NAME | |
| Personal name | Bhutto, Khalid |
| 700 ## - ADDED ENTRY--PERSONAL NAME | |
| Personal name | Griffith, Alan |
| 700 ## - ADDED ENTRY--PERSONAL NAME | |
| Personal name | Stephenson, Paul |
| 700 ## - ADDED ENTRY--PERSONAL NAME | |
| Personal name | Ward, P. |
| 700 ## - ADDED ENTRY--PERSONAL NAME | |
| Personal name | Kashiwagi, Dean |
| 700 ## - ADDED ENTRY--PERSONAL NAME | |
| Personal name | Egbu, Charles |
| 700 ## - ADDED ENTRY--PERSONAL NAME | |
| Personal name | Koebergen, Herman F. |
| 700 ## - ADDED ENTRY--PERSONAL NAME | |
| Personal name | Gorse, Christopher |
| 700 ## - ADDED ENTRY--PERSONAL NAME | |
| Personal name | Jones, Keith |
| 700 ## - ADDED ENTRY--PERSONAL NAME | |
| Personal name | Clements-Croome, Derek |
| 700 ## - ADDED ENTRY--PERSONAL NAME | |
| Personal name | Mansfield, John R. |
| 700 ## - ADDED ENTRY--PERSONAL NAME | |
| Personal name | Oldham, Kathryn |
| 700 ## - ADDED ENTRY--PERSONAL NAME | |
| Personal name | Olomolaiye, A. |
| 700 ## - ADDED ENTRY--PERSONAL NAME | |
| Personal name | Liyanage, C. L. |
| 700 ## - ADDED ENTRY--PERSONAL NAME | |
| Personal name | Egbu, C. O. |
| 700 ## - ADDED ENTRY--PERSONAL NAME | |
| Personal name | Kashiwagi, D. |
| 700 ## - ADDED ENTRY--PERSONAL NAME | |
| Personal name | Heywood, Chris |
| 700 ## - ADDED ENTRY--PERSONAL NAME | |
| Personal name | Smith, Jim |
| 700 ## - ADDED ENTRY--PERSONAL NAME | |
| Personal name | Brawn, Graham |
| 700 ## - ADDED ENTRY--PERSONAL NAME | |
| Personal name | Missingham, Greg |
| 700 ## - ADDED ENTRY--PERSONAL NAME | |
| Personal name | Earnshaw, Neil |
| 700 ## - ADDED ENTRY--PERSONAL NAME | |
| Personal name | Ellis, Robert |
| 700 ## - ADDED ENTRY--PERSONAL NAME | |
| Personal name | Mustow, Stephen E. |
| 700 ## - ADDED ENTRY--PERSONAL NAME | |
| Personal name | Poon, Joanna |
| 700 ## - ADDED ENTRY--PERSONAL NAME | |
| Personal name | Lansley, Peter |
| 700 ## - ADDED ENTRY--PERSONAL NAME | |
| Personal name | Hare, Billy |
| 700 ## - ADDED ENTRY--PERSONAL NAME | |
| Personal name | Cameron, Iain |
| 700 ## - ADDED ENTRY--PERSONAL NAME | |
| Personal name | Duff, A. Roy |
| 700 ## - ADDED ENTRY--PERSONAL NAME | |
| Personal name | Scott, J. |
| 700 ## - ADDED ENTRY--PERSONAL NAME | |
| Personal name | Deveci, G. |
| 700 ## - ADDED ENTRY--PERSONAL NAME | |
| Personal name | Edge, M. |
| 700 ## - ADDED ENTRY--PERSONAL NAME | |
| Personal name | Martin, Peter |
| 700 ## - ADDED ENTRY--PERSONAL NAME | |
| Personal name | Johnston, D. |
| 700 ## - ADDED ENTRY--PERSONAL NAME | |
| Personal name | Wingfield, J. |
| 700 ## - ADDED ENTRY--PERSONAL NAME | |
| Personal name | Miles-Shenton, D. |
| 700 ## - ADDED ENTRY--PERSONAL NAME | |
| Personal name | Gardner, Andrew |
| 700 ## - ADDED ENTRY--PERSONAL NAME | |
| Personal name | Bullen, Peter A. |
| 700 ## - ADDED ENTRY--PERSONAL NAME | |
| Personal name | Azeddine, Belakehal |
| 700 ## - ADDED ENTRY--PERSONAL NAME | |
| Personal name | Kheira, Tabet Aoul |
| 700 ## - ADDED ENTRY--PERSONAL NAME | |
| Personal name | Amar, Bennadji |
| 700 ## - ADDED ENTRY--PERSONAL NAME | |
| Personal name | Bing, Li |
| 700 ## - ADDED ENTRY--PERSONAL NAME | |
| Personal name | Akintoye, A. |
| 700 ## - ADDED ENTRY--PERSONAL NAME | |
| Personal name | Edwards, P. J. |
| 700 ## - ADDED ENTRY--PERSONAL NAME | |
| Personal name | Hardcastle, C. |
| 700 ## - ADDED ENTRY--PERSONAL NAME | |
| Personal name | Lam, K. C. |
| 700 ## - ADDED ENTRY--PERSONAL NAME | |
| Personal name | Wong, Franky W. H. |
| 700 ## - ADDED ENTRY--PERSONAL NAME | |
| Personal name | Lam, Patrick T. I. |
| 700 ## - ADDED ENTRY--PERSONAL NAME | |
| Personal name | Chan, Albert P. C. |
| 700 ## - ADDED ENTRY--PERSONAL NAME | |
| Personal name | Bridge, A. J. |
| 700 ## - ADDED ENTRY--PERSONAL NAME | |
| Personal name | Power, Laurie |
| 700 ## - ADDED ENTRY--PERSONAL NAME | |
| Personal name | Atta, Jummai |
| 700 ## - ADDED ENTRY--PERSONAL NAME | |
| Personal name | Mitchell, Adrian |
| 700 ## - ADDED ENTRY--PERSONAL NAME | |
| Personal name | Canter, Mike |
| 700 ## - ADDED ENTRY--PERSONAL NAME | |
| Personal name | Hoxley, Mike |
| 700 ## - ADDED ENTRY--PERSONAL NAME | |
| Personal name | Gray, Colin |
| 700 ## - ADDED ENTRY--PERSONAL NAME | |
| Personal name | Al-Bizri, Salam |
| 700 ## - ADDED ENTRY--PERSONAL NAME | |
| Personal name | Cashon, P. |
| 700 ## - ADDED ENTRY--PERSONAL NAME | |
| Personal name | Heathcote, J. |
| 700 ## - ADDED ENTRY--PERSONAL NAME | |
| Personal name | Whitehead, P. |
| 700 ## - ADDED ENTRY--PERSONAL NAME | |
| Personal name | Gidado, Kassim |
| 700 ## - ADDED ENTRY--PERSONAL NAME | |
| Personal name | Arshi, Shamsaddin |
| 700 ## - ADDED ENTRY--PERSONAL NAME | |
| Personal name | Sommerville, James |
| 700 ## - ADDED ENTRY--PERSONAL NAME | |
| Personal name | Craig, Nigel |
| 700 ## - ADDED ENTRY--PERSONAL NAME | |
| Personal name | McCarney, Michael |
| 700 ## - ADDED ENTRY--PERSONAL NAME | |
| Personal name | Watson, Paul |
| 700 ## - ADDED ENTRY--PERSONAL NAME | |
| Personal name | Chileshe, Nicholas |
| 700 ## - ADDED ENTRY--PERSONAL NAME | |
| Personal name | Wong, C. H. |
| 700 ## - ADDED ENTRY--PERSONAL NAME | |
| Personal name | Deakin, M. |
| 700 ## - ADDED ENTRY--PERSONAL NAME | |
| Personal name | Allwinkle, S. |
| 700 ## - ADDED ENTRY--PERSONAL NAME | |
| Personal name | Boyd, David |
| 700 ## - ADDED ENTRY--PERSONAL NAME | |
| Personal name | Chinyio, Ezekiel |
| Titles and other words associated with a name | Dr |
| 700 ## - ADDED ENTRY--PERSONAL NAME | |
| Personal name | Xiao, Hong |
| 700 ## - ADDED ENTRY--PERSONAL NAME | |
| Personal name | Lee, Cynthia Chin Tian |
| 700 ## - ADDED ENTRY--PERSONAL NAME | |
| Personal name | Kirkham, Richard |
| 700 ## - ADDED ENTRY--PERSONAL NAME | |
| Personal name | Alisa, Muthena |
| 700 ## - ADDED ENTRY--PERSONAL NAME | |
| Personal name | Pimenta da Silva, Antonio |
| 700 ## - ADDED ENTRY--PERSONAL NAME | |
| Personal name | Grindley, Tim |
| 700 ## - ADDED ENTRY--PERSONAL NAME | |
| Personal name | Brondsted, Jakob |
| 700 ## - ADDED ENTRY--PERSONAL NAME | |
| Personal name | Burrows, Theresa Keoughan |
| 700 ## - ADDED ENTRY--PERSONAL NAME | |
| Personal name | Pegg, Ian |
| 700 ## - ADDED ENTRY--PERSONAL NAME | |
| Personal name | Martin, Joe |
| 700 ## - ADDED ENTRY--PERSONAL NAME | |
| Personal name | Davis, Peter R. |
| 700 ## - ADDED ENTRY--PERSONAL NAME | |
| Personal name | Redmond, Karl |
| 700 ## - ADDED ENTRY--PERSONAL NAME | |
| Personal name | Gorse, Christopher A. |
| 700 ## - ADDED ENTRY--PERSONAL NAME | |
| Personal name | Willott, John |
| 700 ## - ADDED ENTRY--PERSONAL NAME | |
| Personal name | Dowson, Paul |
| 700 ## - ADDED ENTRY--PERSONAL NAME | |
| Personal name | Irving, Helen |
| 700 ## - ADDED ENTRY--PERSONAL NAME | |
| Personal name | Saxby, William |
| 700 ## - ADDED ENTRY--PERSONAL NAME | |
| Personal name | Emmitt, Stephen |
| 700 ## - ADDED ENTRY--PERSONAL NAME | |
| Personal name | Le Roux, G. K. |
| 700 ## - ADDED ENTRY--PERSONAL NAME | |
| Personal name | Hari, Subashini |
| 700 ## - ADDED ENTRY--PERSONAL NAME | |
| Personal name | Vines, Micah P. |
| 700 ## - ADDED ENTRY--PERSONAL NAME | |
| Personal name | Keel, David |
| 700 ## - ADDED ENTRY--PERSONAL NAME | |
| Personal name | Hartley-Jones, Sarah |
| 700 ## - ADDED ENTRY--PERSONAL NAME | |
| Personal name | Dickinson, I. |
| 700 ## - ADDED ENTRY--PERSONAL NAME | |
| Personal name | Riley, A. |
| 700 ## - ADDED ENTRY--PERSONAL NAME | |
| Personal name | Tenant, J. |
| 700 ## - ADDED ENTRY--PERSONAL NAME | |
| Personal name | McCabe, Steven |
| 700 ## - ADDED ENTRY--PERSONAL NAME | |
| Personal name | Cotgrave, Alison |
| 700 ## - ADDED ENTRY--PERSONAL NAME | |
| Personal name | Alkhaddar, Rafid |
| 700 ## - ADDED ENTRY--PERSONAL NAME | |
| Personal name | Anumba, Claire |
| 700 ## - ADDED ENTRY--PERSONAL NAME | |
| Personal name | Dainty, Andrew |
| 700 ## - ADDED ENTRY--PERSONAL NAME | |
| Personal name | Ison, Stephen |
| 700 ## - ADDED ENTRY--PERSONAL NAME | |
| Personal name | Sergeant, Amanda |
| 700 ## - ADDED ENTRY--PERSONAL NAME | |
| Personal name | Atkinson, G. |
| 700 ## - ADDED ENTRY--PERSONAL NAME | |
| Personal name | Edwards, D. J. |
| 700 ## - ADDED ENTRY--PERSONAL NAME | |
| Personal name | Golding, P. |
| 700 ## - ADDED ENTRY--PERSONAL NAME | |
| Personal name | Love, Peter E. D. |
| 700 ## - ADDED ENTRY--PERSONAL NAME | |
| Personal name | Ahmad, Rosman |
| 700 ## - ADDED ENTRY--PERSONAL NAME | |
| Personal name | Wright, Andrew |
| 700 ## - ADDED ENTRY--PERSONAL NAME | |
| Personal name | Frame, Ian |
| 700 ## - ADDED ENTRY--PERSONAL NAME | |
| Personal name | Samwinga, Victor |
| 700 ## - ADDED ENTRY--PERSONAL NAME | |
| Personal name | Proverbs, David G. |
| 700 ## - ADDED ENTRY--PERSONAL NAME | |
| Personal name | Homan, Jacqueline |
| 700 ## - ADDED ENTRY--PERSONAL NAME | |
| Personal name | Restall, Helen |
| 700 ## - ADDED ENTRY--PERSONAL NAME | |
| Personal name | Yarde, Andy |
| 700 ## - ADDED ENTRY--PERSONAL NAME | |
| Personal name | Fieldson, Rosemary |
| 700 ## - ADDED ENTRY--PERSONAL NAME | |
| Personal name | Kamara, John M. |
| 700 ## - ADDED ENTRY--PERSONAL NAME | |
| Personal name | Patterson, Joanne |
| 700 ## - ADDED ENTRY--PERSONAL NAME | |
| Personal name | Jones, Phil |
| 700 ## - ADDED ENTRY--PERSONAL NAME | |
| Personal name | Lermon, Anna |
| 700 ## - ADDED ENTRY--PERSONAL NAME | |
| Personal name | Isle, Joe A. |
| 700 ## - ADDED ENTRY--PERSONAL NAME | |
| Personal name | Suresh, Renukappa H. |
| 700 ## - ADDED ENTRY--PERSONAL NAME | |
| Personal name | Lansley, Peter |
| 700 ## - ADDED ENTRY--PERSONAL NAME | |
| Personal name | Smith, Verity |
| 700 ## - ADDED ENTRY--PERSONAL NAME | |
| Personal name | Hoy, D. |
| 700 ## - ADDED ENTRY--PERSONAL NAME | |
| Personal name | Doherty, C. |
| 700 ## - ADDED ENTRY--PERSONAL NAME | |
| Personal name | O'Brien, G. |
| 700 ## - ADDED ENTRY--PERSONAL NAME | |
| Personal name | Curran, E. |
| 700 ## - ADDED ENTRY--PERSONAL NAME | |
| Personal name | Hunter, Kirsty |
| 700 ## - ADDED ENTRY--PERSONAL NAME | |
| Personal name | Kelly, John |
| 700 ## - ADDED ENTRY--PERSONAL NAME | |
| Personal name | Norris, Philip |
| 700 ## - ADDED ENTRY--PERSONAL NAME | |
| Personal name | Phillips, Steve |
| 700 ## - ADDED ENTRY--PERSONAL NAME | |
| Personal name | Martin, Jim |
| 700 ## - ADDED ENTRY--PERSONAL NAME | |
| Personal name | Price, Andrew |
| 700 ## - ADDED ENTRY--PERSONAL NAME | |
| Personal name | Ndekugri, Issaka |
| 700 ## - ADDED ENTRY--PERSONAL NAME | |
| Personal name | Corbett, Pauline |
| 700 ## - ADDED ENTRY--PERSONAL NAME | |
| Personal name | Wilson, Andrew J. |
| 700 ## - ADDED ENTRY--PERSONAL NAME | |
| Personal name | Kusomo, Raden |
| 700 ## - ADDED ENTRY--PERSONAL NAME | |
| Personal name | Studds, Phil |
| 700 ## - ADDED ENTRY--PERSONAL NAME | |
| Personal name | Parmar, Darshit |
| 700 ## - ADDED ENTRY--PERSONAL NAME | |
| Personal name | Kashiwagi, Dean |
| 700 ## - ADDED ENTRY--PERSONAL NAME | |
| Personal name | Kennedy, Alan |
| 700 ## - ADDED ENTRY--PERSONAL NAME | |
| Personal name | Wilson, David |
| 700 ## - ADDED ENTRY--PERSONAL NAME | |
| Personal name | Parker, Ian |
| 700 ## - ADDED ENTRY--PERSONAL NAME | |
| Personal name | Yang, J. |
| 700 ## - ADDED ENTRY--PERSONAL NAME | |
| Personal name | Edwards, D. J. |
| 700 ## - ADDED ENTRY--PERSONAL NAME | |
| Personal name | Wright, B. C. |
| 700 ## - ADDED ENTRY--PERSONAL NAME | |
| Personal name | Summers, D. |
| 700 ## - ADDED ENTRY--PERSONAL NAME | |
| Personal name | Soetanto, R. |
| 700 ## - ADDED ENTRY--PERSONAL NAME | |
| Personal name | Glass, J. |
| 700 ## - ADDED ENTRY--PERSONAL NAME | |
| Personal name | Price, A. D. F. |
| 700 ## - ADDED ENTRY--PERSONAL NAME | |
| Personal name | Ugwu, Onuegbu O. |
| 700 ## - ADDED ENTRY--PERSONAL NAME | |
| Personal name | Kumaraswamy, Mohan M. |
| 710 ## - ADDED ENTRY--CORPORATE NAME | |
| Corporate name or jurisdiction name as entry element | Leeds Metropolitan University, School of the Built Environment |
| 9 (RLIN) | 4724 |
| 710 ## - ADDED ENTRY--CORPORATE NAME | |
| Corporate name or jurisdiction name as entry element | Royal Institution of Chartered Surveyors |
| Subordinate unit | Foundation |
| 9 (RLIN) | 4173 |
| 942 ## - ADDED ENTRY ELEMENTS (KOHA) | |
| Suppress in OPAC | 0 |
| Source of classification or shelving scheme | Dewey Decimal Classification |
| Withdrawn status | Lost status | Source of classification or shelving scheme | Damaged status | Not for loan | Home library | Current library | Shelving location | Date acquired | Total Checkouts | Full call number | Barcode | Date last seen | Copy number | Price effective from | Koha item type |
|---|---|---|---|---|---|---|---|---|---|---|---|---|---|---|---|
| Dewey Decimal Classification | London | London | RICS Boxes | 07/06/2005 | RICS 2004/37 | 30070862 | 06/08/2019 | 1 | 06/08/2019 | Archive | |||||
| Dewey Decimal Classification | London | London | Folio | 12/09/2008 | F690.072 CON | 30070863 | 08/11/2023 | 1 | 06/08/2019 | Book |